Music Quiz

Random Music Quiz

HCHS/HCMS Composers by Work 8 Quiz Stats

Quiz not verified by Sporcle

Challenge
Share
Tweet
Embed
Score 0/30 Timer 10:00
0 Plays Today
Work Composer % Correct
Für EliseLudwig van Beethoven
96.1%
Jupiter, the Bringer of JollityGustav Holst
96.1%
Sgt. Pepper's Lonely Hearts Club BandThe Beatles
92.2%
The EntertainerScott Joplin
89.6%
Catalogue AriaWolfgang Amadeus Mozart
85.7%
Stairway to HeavenLed Zeppelin
83.1%
Kind of BlueMiles Davis
81.8%
Piano Sonata No. 23, 'Appassionata'Ludwig van Beethoven
81.8%
Smells Like Teen SpiritNirvana
81.8%
O FortuneCarl Orff
76.6%
In the Steppes of Central AsiaAlexandr Borodin
76.6%
SatyagrahaPhilip Glass
75.3%
The Golden CockerelNikolay Rimsky-Korsakov
75.3%
The Miraculous MandarinBéla Bartók
75.3%
Symphony No. 8 in F MajorLudwig van Beethoven
74%
Work Composer % Correct
Zadok the PriestGeorge Handel
74%
La PrimaveraAntonio Vivaldi
72.7%
Egmont Overture Ludwig van Beethoven
71.4%
Kaddish SymphonyLeonard Bernstein
70.1%
KindertotenliederGustav Mahler
68.8%
Fancy FreeLeonard Bernstein
64.9%
Ma VlastBedrich Smetana
64.9%
Symphony of PsalmsIgor Stravinsky
63.6%
Egdon HeathGustav Holst
62.3%
The Isle of the DeadSergei Rachmaninov
59.7%
Concerto for OrchestraBéla Bartók
58.4%
Damn YankeesGeorge Abbott
57.1%
ElektraRichard Strauss
55.8%
Four Saints in Three ActsVirgil Thomson
54.5%
La CenerentolaGioacchino Rossini
54.5%

You're not logged in!

Compare scores with friends on all Sporcle quizzes.
Join for Free
OR
Log In

You Might Also Like...

Show Comments

Extras

Created Jan 6, 2016ReportNominate
Tags:composer

Top Quizzes Today


Score Distribution

Your Account Isn't Verified!

In order to create a playlist on Sporcle, you need to verify the email address you used during registration. Go to your Sporcle Settings to finish the process.

Report this User

Report this user for behavior that violates our Community Guidelines.

Details: